000 00430nam a22001577a 4500
003 OSt
008 260417b |||||||| |||| 00| 0 eng d
082 _a581.2326
_bU-5D
100 _aKumar, Upendra
245 _aDeterioration in Sugarcane Varieties Due to Pathotypes of Red Rot Pathogen
260 _aPusa, Samastipur
_bRAU, Pusa
_c2001
300 _a40P.
502 _bMsc.
_d2001
650 _aPlant Pathology
942 _2ddc
_cT
999 _c50085
_d50085